<?xml version="1.0" encoding="UTF-8"?>
<record
    xmlns:xsi="http://www.w3.org/2001/XMLSchema-instance"
    xsi:schemaLocation="http://www.loc.gov/MARC21/slim http://www.loc.gov/standards/marcxml/schema/MARC21slim.xsd"
    xmlns="http://www.loc.gov/MARC21/slim">

  <leader>00904nam a2200181Ia 4500</leader>
  <controlfield tag="008">090630s9999    xx            000 0 und d</controlfield>
  <datafield tag="082" ind1=" " ind2=" ">
    <subfield code="b">16402</subfield>
  </datafield>
  <datafield tag="100" ind1=" " ind2=" ">
    <subfield code="a">&#x939;&#x93F;&#x935;&#x930;&#x93E;&#x933;&#x947; &#x938;&#x941;&#x916;&#x930;&#x93E;&#x92E;.</subfield>
  </datafield>
  <datafield tag="245" ind1=" " ind2=" ">
    <subfield code="a">&#x906;&#x926;&#x930;&#x94D;&#x936; &#x92A;&#x93F;&#x924;&#x93E; &#x938;&#x941;&#x92D;&#x947;&#x926;&#x93E;&#x930; &#x930;&#x93E;&#x92E;&#x91C;&#x940; &#x938;&#x915;&#x92A;&#x93E;&#x933; (&#x906;&#x902;&#x92C;&#x947;&#x921;&#x915;&#x930;) &#x92D;&#x93E;&#x917; 6.</subfield>
    <subfield code="c">&#x939;&#x93F;&#x935;&#x930;&#x93E;&#x933;&#x947; &#x938;&#x941;&#x916;&#x930;&#x93E;&#x92E;.</subfield>
  </datafield>
  <datafield tag="260" ind1=" " ind2=" ">
    <subfield code="b">&#x92A;&#x94D;&#x930;&#x91A;&#x93E;&#x930; - &#x915;&#x94B;&#x932;&#x94D;&#x939;&#x93E;&#x92A;&#x942;&#x930;.</subfield>
  </datafield>
  <datafield tag="300" ind1=" " ind2=" ">
    <subfield code="a">0</subfield>
  </datafield>
  <datafield tag="600" ind1=" " ind2=" ">
    <subfield code="a">&#x939;&#x93F;&#x935;&#x930;&#x93E;&#x933;&#x947; &#x938;&#x941;&#x916;&#x930;&#x93E;&#x92E;.</subfield>
  </datafield>
  <datafield tag="630" ind1=" " ind2=" ">
    <subfield code="a">&#x906;&#x926;&#x930;&#x94D;&#x936; &#x92A;&#x93F;&#x924;&#x93E; &#x938;&#x941;&#x92D;&#x947;&#x926;&#x93E;&#x930; &#x930;&#x93E;&#x92E;&#x91C;&#x940; &#x938;&#x915;&#x92A;&#x93E;&#x933; (&#x906;&#x902;&#x92C;&#x947;&#x921;&#x915;&#x930;) &#x92D;&#x93E;&#x917; 6.</subfield>
  </datafield>
  <datafield tag="655" ind1=" " ind2=" ">
    <subfield code="a">&#x92C;&#x93E;&#x932;&#x935;&#x93E;&#x919;&#x92E;&#x92F;.</subfield>
  </datafield>
  <datafield tag="700" ind1=" " ind2=" ">
    <subfield code="a">&#x939;&#x93F;&#x935;&#x930;&#x93E;&#x933;&#x947; &#x938;&#x941;&#x916;&#x930;&#x93E;&#x92E;.</subfield>
  </datafield>
  <datafield tag="730" ind1=" " ind2=" ">
    <subfield code="a">&#x906;&#x926;&#x930;&#x94D;&#x936; &#x92A;&#x93F;&#x924;&#x93E; &#x938;&#x941;&#x92D;&#x947;&#x926;&#x93E;&#x930; &#x930;&#x93E;&#x92E;&#x91C;&#x940; &#x938;&#x915;&#x92A;&#x93E;&#x933; (&#x906;&#x902;&#x92C;&#x947;&#x921;&#x915;&#x930;) &#x92D;&#x93E;&#x917; 6.</subfield>
  </datafield>
  <datafield tag="942" ind1=" " ind2=" ">
    <subfield code="c">BOOK</subfield>
  </datafield>
  <datafield tag="999" ind1=" " ind2=" ">
    <subfield code="c">268258</subfield>
    <subfield code="d">268258</subfield>
  </datafield>
  <datafield tag="952" ind1=" " ind2=" ">
    <subfield code="0">0</subfield>
    <subfield code="1">0</subfield>
    <subfield code="4">0</subfield>
    <subfield code="7">0</subfield>
    <subfield code="a">SAWASHRI</subfield>
    <subfield code="b">SAWASHRI</subfield>
    <subfield code="d">0000-00-00</subfield>
    <subfield code="g">5.00</subfield>
    <subfield code="l">0</subfield>
    <subfield code="o">16402</subfield>
    <subfield code="p">SAWASHRI-16402</subfield>
    <subfield code="r">2009-06-30 00:00:00</subfield>
    <subfield code="v">5.00</subfield>
    <subfield code="w">2009-06-30</subfield>
    <subfield code="y">BOOK</subfield>
  </datafield>
</record>
